000 00713nam a2200241Ia 4500
003 OSt
005 20220926002513.0
006 a|||||r|||| 00| 0
007 ta
008 220923b |||||||| |||| 00| 0 eng d
037 _cGeneral Book
040 _aRTL
_cRTL
_beng
041 _2eng
_aeng
082 _aX:517:(Z).2.N7, L0
100 _aJain Nabhi Kumar
_9305968
245 0 _aLaw rolating to monopolies and restrictive trade p
260 _a New Delhi
_bNabhi Publications
_c1970
300 _a95p
_ccm.
650 _aMonopoly
700 _a Puri Vijay Kumar
_9305969
942 _hX:517:(Z).2.N7, L0
_cGB
_2CC
999 _c605264
_d605264